00301nam a2200109 a 4500008004100000050001400041100002100055245005300076260003200129300002100161350000900182120416s1965 ||||||||||||||||| || u aZ 679 Met aMetcalf, Keyes D10aPlanning academic and research library buildings aNew YorkbMcGraw-Hillc1965 axv, 431p. : ill. a0.00